000 00690nam a2200289Ia 4500
005 20260324124756.0
008 008 260324s9999 xx 000 0 eng d
020 _a9780429192975
037 _aEBOOK
040 _aCRL
040 _beng
040 _cCRL
041 _2eng
041 _aeng
084 _qCRL
100 _aYu Liu; Jihong Wang
_91175441
245 0 _aPACS and Digital Medicine
245 0 _bEssential Principles and Modern Practice
260 _bTaylor and Francis
260 _c2010
365 _a
365 _b340
856 _uhttp://www.taylorfrancis.com/books/9780429192975
942 _cEBOOK
999 _c1770135
_d1770135